Product design and manufacturing / (Record no. 81324)

MARC details
000 -LEADER
fixed length control field 00694nam a22002177a 4500
005 - DATE AND TIME OF LATEST TRANSACTION
control field 20131220145644.0
010 ## - LCCN (DPL NO)
LC control number ENG-108923
020 ## - INTERNATIONAL STANDARD BOOK NUMBER
International Standard Book Number 9788120348738
Terms of availability 375.00
035 ## - SYSTEM CONTROL NUMBER
System control number EN-92456
037 ## - SOURCE OF ACQUISITION
Source of stock number/acquisition DBAD/PUB
082 ## - DEWEY DECIMAL CLASSIFICATION NUMBER
Classification number 658.5752
100 ## - MAIN ENTRY--PERSONAL NAME
Personal name Chitale, A. K.
245 ## - TITLE STATEMENT
Title Product design and manufacturing /
Statement of responsibility, etc by A. K. Chitale [and] R. C. Gupta
250 ## - EDITION STATEMENT
Edition statement 6th ed
260 ## - PUBLICATION, DISTRIBUTION, ETC. (IMPRINT)
Place of publication, distribution, etc New Delhi
Name of publisher, distributor, etc PHI Learning
Date of publication, distribution, etc 2013
270 ## - ADDRESS
Address Rimjhim House,111, Patparganj Industrial Estate,
City New Delhi
Postal code 110092
300 ## - PHYSICAL DESCRIPTION
Extent xvii,576p. :
Dimensions 24cm(pbk)
Other physical details ill.
500 ## - GENERAL NOTE
General note Includes bibliographical references and index
700 ## - ADDED ENTRY--PERSONAL NAME
Personal name Gupta, R. C.
942 ## - ADDED ENTRY ELEMENTS (KOHA)
Source of classification or shelving scheme Dewey Decimal Classification
Item type English Books
Call number suffix CHI
Classification part 658.5752
Holdings
Withdrawn status Lost status Not for loan Collection code Home library Current library Date acquired Source of acquisition Cost, normal purchase price Full call number Barcode Copy number Cost, replacement price Koha item type
    Not For Loan Non-fiction D.B.Act.Division D.B.Act.Division 19/12/2013 DBAD/PUB 375.00 658.5752 CHI EN-92456 1 375.00 English Books

© Delhi Public Library
Hit Counter
free hit counter